An account of the annual rent payable by the tenants of Langthorne Court, Bell Alley, Coleman Street, London (Record no. 116595)

MARC details
000 -LEADER
fixed length control field 00770ctm a22002175a 4500
001 - CONTROL NUMBER
control field L141107
008 - FIXED-LENGTH DATA ELEMENTS--GENERAL INFORMATION
fixed length control field 071029s1824 xxk eng u
035 ## - SYSTEM CONTROL NUMBER
System control number (Sirsi) u141107
041 0# - LANGUAGE CODE
Language code of text/sound track or separate title eng
100 1# - MAIN ENTRY--PERSONAL NAME
Personal name Baltho, W. M.
245 03 - TITLE STATEMENT
Title An account of the annual rent payable by the tenants of Langthorne Court, Bell Alley, Coleman Street, London
Medium [manuscript]
260 ## - PUBLICATION, DISTRIBUTION, ETC.
Date of publication, distribution, etc. 1824
300 ## - PHYSICAL DESCRIPTION
Extent 2 leaves
Dimensions 33 x 21 cm.
340 ## - PHYSICAL MEDIUM
Material base and configuration Ink on paper
351 ## - ORGANIZATION AND ARRANGEMENT OF MATERIALS
Hierarchical level Single item
500 ## - GENERAL NOTE
General note Item is addressed to Messrs. Lea & Son, solicitors, and is signed and dated 12 March 1824 by W. M. Baltho.
500 ## - GENERAL NOTE
General note Presented by E. G. Collier.
651 4# - SUBJECT ADDED ENTRY--GEOGRAPHIC NAME
Geographic name London
690 ## - LOCAL SUBJECT ADDED ENTRY--TOPICAL TERM (OCLC, RLIN)
Topical term or geographic name as entry element PROPERTY-PROPERTY ACQUISITION AND DISPOSAL-ACQUISITION AND DISPOSAL AT AUCTION
942 ## - ADDED ENTRY ELEMENTS (KOHA)
Suppress in OPAC 0
Holdings
Withdrawn status Lost status Source of classification or shelving scheme Damaged status Not for loan Home library Current library Shelving location Date acquired Total Checkouts Full call number Barcode Date last seen Copy number Price effective from Koha item type
    Dewey Decimal Classification     London London Basement 29/10/2007   BASEMENT BOX 4 141107-1001 06/08/2019 1 06/08/2019 Archive